| 000 | 00459nam a22001817a 4500 | ||
|---|---|---|---|
| 003 | NUST - PNEC | ||
| 005 | 20170116181134.0 | ||
| 008 | 151007b xxu||||| |||| 00| 0 eng d | ||
| 020 | _a8120320484 | ||
| 040 | _cLIBRARY | ||
| 082 | _a658.15 HOR | ||
| 100 |
_914177 _aHorn, Van James. C |
||
| 245 |
_aFinancial management and policy _cJames. C Horn, Van |
||
| 250 | _a12th ed | ||
| 260 | _cc2002. | ||
| 650 |
_914178 _aManagement _xME |
||
| 942 |
_2ddc _cBK |
||
| 999 |
_c70150 _d70150 |
||